000 00526nam a2200157 a 4500
008 120416s1994 ||||||||||||||||| || u
020 _a013159690X
050 _aT 385 Hea
100 _aHearn, Donald
245 1 0 _aComputer graphics
250 _a2nd ed.
260 _aEnglewood Cliffs, N.J.
_bFT Prentice-Hall
_c1994
300 _axix, 652p. : ill
350 _a0.00
995 _D0.00
_FCBU-MAIN LIBRARY (Kitwe)
_H1
_I0.00
_M1
_UAVAILABLE
_ZMain Library Open Access Collection
999 _c38227
_d38227